00777nam a2200193 a 450000100100000000500170001000800410002702000150006804000250008310000380010824501120014626000270025830000210028550000210030650400730032771000600040095201060046099900170056600004153520201002035628.0131009s1974 sp 001 0 spa d a8400040384 aDO-SdBNPbspacBNPHU1 aAguilar Piñal, Francisco91888410aImpresos Sevillanos del siglo XVIII :badiciones a la tipografía hispalense /cFrancisco Aguilar Piñal. aMadrid :bCSIC,c1974. a418 p. ;c25 cm. aIncluye índice aIncluye referencias bibliográficas y notas al pie de las páginas2 aConsejo Superior de Investigaciones Científicas94786 0010507-18MOaGRbGRcOId2013-10-09iLF1l0o p41535-10r2020-06-25w2020-06-25y1ZNo se presta c41025d41025